[Event "GER-ch U25-B"]
[Site "Willingen"]
[Date "2023.05.31"]
[Round "5"]
[White "Koepnick, Amanda"]
[Black "Stelter, Finja"]
[Result "1-0"]
[WhiteElo "1271"]
[BlackElo "1322"]
[PlyCount "143"]
[EventDate "2023.05.27"]
[EventType "swiss"]
[EventRounds "9"]
[EventCountry "GER"]
[SourceTitle "CBM 214 Extra"]
[Source "ChessBase"]
[SourceDate "2023.07.31"]
[SourceVersion "1"]
[SourceVersionDate "2023.07.31"]
[SourceQuality "1"]

1. e4 c5 2. Nf3 Nc6 3. d4 cxd4 4. Nxd4 g6 5. Nc3 Bg7 6. Be3 Nf6 7. Qd2 Ng4 8. Nxc6 bxc6 9. Bd4 0-0 10. Bxg7 Kxg7 11. Be2 d6 12. h3 Nf6 13. h4 h5 14. 0-0-0 Rb8 15. e5 Ng4 16. Bxg4 Bxg4 17. f3 Be6 18. exd6 Qb6 19. Qd4+ Qxd4 20. Rxd4 exd6 21. Rxd6 Rb6 22. Na4 Ra6 23. Nc5 Rxa2 24. Nxe6+ fxe6 25. Kb1 Ra6 26. Re1 Rf4 27. Rdxe6 Rxh4 28. b3 Rh2 29. R1e2 Rh1+ 30. Kb2 Rd1 31. Kc3 Rd7 32. Re7+ Rxe7 33. Rxe7+ Kf6 34. Rc7 g5 35. Kd4 Ke6 36. Kc5 Ra1 37. Rxc6+ Ke5 38. Rd6 Rg1 39. Rd2 Kf4 40. Kd4 Kg3 41. c4 Rc1 42. Kd3 h4 43. Ke4 g4 44. fxg4 Kxg4 45. Rd5 Re1+ 46. Kd3 Rd1+ 47. Ke2 Rb1 48. Rd3 Rb2+ 49. Kf1 Rc2 50. Kg1 a5 51. Kf1 Ra2 52. Rc3 a4 53. bxa4 Rxa4 54. c5 Ra1+ 55. Kf2 Ra2+ 56. Kg1 Ra1+ 57. Kh2 Ra8 58. c6 Rc8 59. c7 Kf5 60. Kh3 Kg5 61. Rc5+ Kf6 62. Kxh4 Ke6 63. g4 Kd7 64. Rc1 Rxc7 65. Rxc7+ Kxc7 66. Kg5 Kd7 67. Kf6 Ke8 68. Kg7 Ke7 69. g5 Ke6 70. g6 Kf5 71. Kf7 Kg5 72. g7 1-0

[Event "GER-ch U16 Girls"]
[Site "Willingen"]
[Date "2022.06.11"]
[Round "9"]
[White "Koepnick, Amanda"]
[Black "Alferova, Emily"]
[Result "0-1"]
[WhiteElo "1162"]
[BlackElo "1523"]
[PlyCount "66"]
[EventDate "2022.06.04"]
[EventType "swiss"]
[EventRounds "9"]
[EventCountry "GER"]
[SourceTitle "CBM 208 Extra"]
[Source "ChessBase"]
[SourceDate "2022.07.31"]
[SourceVersion "1"]
[SourceVersionDate "2022.07.31"]
[SourceQuality "1"]

1. e4 e5 2. Nf3 Nc6 3. Bc4 Bc5 4. c3 Nf6 5. d4 exd4 6. cxd4 Bb4+ 7. Nc3 Nxe4 8. 0-0 Bxc3 9. d5 Bf6 10. dxc6 0-0 11. cxb7 Bxb7 12. Bd5 Rb8 13. Bxb7 Rxb7 14. Qd5 Nd6 15. Rb1 Rb5 16. Qd3 Qb8 17. b3 Qb7 18. Rd1 Re8 19. Bf4 Re6 20. Re1 Rd5 21. Qc2 h6 22. Bxd6 Rdxd6 23. Rxe6 Rxe6 24. Qd2 Rd6 25. Qe2 Re6 26. Qd2 Qc6 27. Nd4 Qe4 28. Nc2 Bg5 29. f3 Qf5 30. Qf2 Be3 31. Nxe3 Qxb1+ 32. Nf1 Re1 33. h3 d5 0-1

[Event "GER-chT Christmas U16 Steinitz"]
[Site "Playchess.com INT"]
[Date "2020.12.28"]
[Round "3.3"]
[White "Koepnick, Amanda"]
[Black "Heemann, Jonas"]
[Result "1-0"]
[WhiteElo "1123"]
[BlackElo "998"]
[PlyCount "101"]
[EventDate "2020.12.28"]
[EventType "team-swiss (blitz)"]
[EventRounds "7"]
[EventCountry "GER"]
[SourceTitle "CBM 200 Extra"]
[Source "ChessBase"]
[SourceDate "2021.03.31"]
[SourceVersion "1"]
[SourceVersionDate "2021.03.31"]
[SourceQuality "1"]
[WhiteTeam "Rostock Makkabi II"]
[BlackTeam "Nuernberg"]
[WhiteTeamCountry "GER"]
[BlackTeamCountry "GER"]

1. e4 Nf6 2. Nc3 d6 3. Nf3 Bg4 4. Be2 g6 5. 0-0 Bg7 6. d4 Nfd7 7. Bf4 Bxf3 8. Bxf3 0-0 9. Qe2 f5 10. e5 dxe5 11. dxe5 Nc6 12. Qc4+ Kh8 13. Bxc6 bxc6 14. Qxc6 Nxe5 15. Qc5 Nf7 16. Qxc7 Rb8 17. Qxb8 Qxb8 18. Bxb8 Rxb8 19. Rab1 Rc8 20. Nd5 Bf8 21. Rfe1 e5 22. c3 e4 23. b4 Kg7 24. b5 Rd8 25. Nc7 Bd6 26. Ne6+ Kf6 27. Nxd8 Nxd8 28. Red1 Bc7 29. Rd7 Ba5 30. Rxa7 Bb6 31. Ra6 Ke5 32. Rxb6 f4 33. a4 e3 34. fxe3 fxe3 35. Kf1 Ke4 36. Ke2 Nf7 37. Re6+ Kf4 38. Rxe3 Ne5 39. Rxe5 Kxe5 40. b6 Kd6 41. b7 Kc6 42. b8Q Kc5 43. Qb4+ Kd5 44. Rd1+ Kc6 45. Rd4 h5 46. Qc4+ Kb6 47. Rd5 g5 48. Rb5+ Ka6 49. Rb4+ Ka7 50. Qc7+ Ka6 51. Qb6# 1-0

[Event "Mecklenburg VP-ch U14 Girls"]
[Site "Malchow"]
[Date "2019.02.05"]
[Round "5.4"]
[White "Bress, Amy Charlize"]
[Black "Koepnick, Amanda"]
[Result "1-0"]
[WhiteElo "1432"]
[BlackElo "986"]
[PlyCount "135"]
[EventDate "2019.02.02"]
[EventType "tourn"]
[EventRounds "7"]
[EventCountry "GER"]
[SourceTitle "EXT 2022"]
[Source "ChessBase"]
[SourceDate "2021.10.06"]
[SourceVersion "1"]
[SourceVersionDate "2021.10.06"]
[SourceQuality "1"]

1. e4 e5 2. Nf3 Nc6 3. Bb5 a6 4. Ba4 Nf6 5. d3 Bc5 6. 0-0 h6 7. c3 b5 8. Bc2 d5 9. exd5 Qxd5 10. h3 0-0 11. Re1 b4 12. Be3 bxc3 13. Nxc3 Qd6 14. Bxc5 Qxc5 15. Nxe5 Nxe5 16. d4 Qc6 17. dxe5 Bb7 18. Ne4 Nxe4 19. Bxe4 Qb5 20. Bxb7 Qxb7 21. Qc2 Rab8 22. b3 c6 23. Rac1 Rbc8 24. Re3 Qe7 25. Qc5 Qe6 26. Qc4 Qe7 27. Ree1 c5 28. Qxa6 Qg5 29. Qe2 Rfe8 30. Qe3 Qe7 31. Qd2 Rcd8 32. Qc3 Rd5 33. Rcd1 Rxe5 34. Rxe5 Qxe5 35. Qxe5 Rxe5 36. Rd8+ Kh7 37. Kf1 Re6 38. Rd2 Rb6 39. Rc2 Rb5 40. Ke2 g5 41. Kd3 Ra5 42. a4 f5 43. Kc4 Kg7 44. Rd2 g4 45. Rd5 gxh3 46. gxh3 Kf7 47. Rxf5+ Ke7 48. Rxc5 Ra6 49. Kb5 Rf6 50. Rc7+ Kd8 51. Rh7 Rxf2 52. Rxh6 Rf5+ 53. Kb4 Rf7 54. a5 Rb7+ 55. Ka4 Kc8 56. Rh8+ Kc7 57. Rh7+ Kb8 58. Rxb7+ Kxb7 59. h4 Ka7 60. h5 Kb7 61. h6 Ka7 62. h7 Kb7 63. h8Q Kc6 64. Qd8 Kb7 65. Kb5 Ka7 66. Qd7+ Kb8 67. Kb6 Ka8 68. Qb7# 1-0

[Event "Mecklenburg VP-ch U14 Girls"]
[Site "Malchow"]
[Date "2019.02.04"]
[Round "4.2"]
[White "Koepnick, Amanda"]
[Black "Sohrweide, Milena"]
[Result "1/2-1/2"]
[WhiteElo "986"]
[BlackElo "1247"]
[PlyCount "45"]
[EventDate "2019.02.02"]
[EventType "tourn"]
[EventRounds "7"]
[EventCountry "GER"]
[SourceTitle "EXT 2022"]
[Source "ChessBase"]
[SourceDate "2021.10.06"]
[SourceVersion "1"]
[SourceVersionDate "2021.10.06"]
[SourceQuality "1"]

1. e4 e5 2. Nf3 Nc6 3. Bc4 Bc5 4. c3 Nf6 5. d3 h6 6. Nbd2 0-0 7. Nf1 a6 8. Ng3 d6 9. h3 Qe7 10. 0-0 Bd7 11. d4 exd4 12. cxd4 Bb6 13. Qd3 Rad8 14. b3 Qe8 15. Ba3 Ne7 16. e5 d5 17. exf6 dxc4 18. bxc4 gxf6 19. Qe3 Nf5 20. Nxf5 Bxf5 21. Qxh6 Qe4 22. Bxf8 Rxf8 23. Rae1 1/2-1/2